Normal view
MARC view
- Pereg, Serafin A Mandado, Enrique Marcos, Jorge
Entry Personal Name
001 - CONTROL NUMBER
- control field: 73629
003 - CONTROL NUMBER IDENTIFIER
- control field: NUST
005 - DATE AND TIME OF LATEST TRANSACTION
- control field: 20210628205041.0
008 - FIXED-LENGTH DATA ELEMENTS
- fixed length control field: 210628|| aca||aabn | a|a d
040 ## - CATALOGING SOURCE
- Original cataloging agency: NUST
- Transcribing agency: NUST
100 ## - HEADING--PERSONAL NAME
- Personal name: Pereg, Serafin A Mandado, Enrique Marcos, Jorge
670 ## - SOURCE DATA FOUND
- Source citation: Work cat.: (NUST): Pereg, Serafin A Mandado, Enrique Marcos, Jorge, Programmable logic devices and logic controllers, 1996
